Responses for Show #5103 - Wednesday, November 15, 2006

2006 Celebrity Jeopardy! game 6.
From Radio City Music Hall in New York City.

Contestants

[<< previous game]

Harry Smith, a broadcast journalist from The Early Show

Miguel Ferrer, an actor from Crossing Jordan

Steve Schirripa, an actor from The Sopranos

[next game >>]

Jeopardy! Round responses

CROSSING JORDAN
WHAT'S ON THE TUBE?
FUHGETTABOUDIT
AROUND THE U.S.A.
CAN I BUY YOU A DRINK?
HEY, WHERE'D YOU "GO"?
    $200 7
the West Bank

Harry
    $200 1
Deadwood

Steve
    $200 6
Elizabeth Taylor

Miguel
    $200 14
Arkansas

Steve
    $200 15
Coca-Cola

Miguel
    $200 20
a goalkeeper

Harry
    $400 8
a kibbutz

Harry
    $400 2
(Roger) Ebert

Steve
    $400 10
East Germany

Harry
    $400 25
[Cheers and applause]

New York

Steve
    $400 16
a mimosa

Steve
    $400 21
a golden retriever

Miguel
    $600 9
irrigation

Miguel
    $600 3
Kathy Griffin

Steve
    $600 11
the tug of war

Miguel
    $1,000 26
Rhode Island

Steve
    $600 17
Rob Roy

Triple Stumper
    $600 22
a gopher

Miguel
    $800 4
(Harry: What is the Discovery Channel?)

Animal Planet

Harry
Triple Stumper
    $800 12
Mormon

Steve
    $800 27
[The end-of-round signal sounds.]

Dallas

Steve
    $800 18
(Alex: That's [*]. You guys don't like fancy drinks, obviously. You like the straight stuff. Go again, Steve.)
(Steve: I have [*].)
[Laughter]

a fuzzy navel

Triple Stumper
    $800 23
the gorilla

Triple Stumper
    $1000 5
(Steve: What is Starz?)
(Alex: No. Miguel or Harry? What is [*]? [*]. All right, let's go somewhere else, Steve.)
(Steve: Ah! I'm not happy, Alex.)
(Alex: Easy on me.)

American Movie Classics (AMC)

Steve
Triple Stumper
    $1000 13
monosodium glutamate

Miguel
    $1000 19
a Gibson

Triple Stumper
    $1000 24
goad

Harry

Scores at the first commercial break (after clue 14):

Steve Miguel Harry
$1,200 $2,400 $200

Scores at the end of the Jeopardy! Round:

Steve Miguel Harry
$3,800 $3,600 $1,400

Double Jeopardy! Round responses

FOOD IN HISTORY
THE SOPRANOS
NEW YORK IN THE MOVIES
SMITH
NON-COSMETIC SURGERY
NURSERY RHYME E.R.
    $400 2
tea

Harry
    $400 1
CĂ©line Dion

Miguel
    $400 4
Spider-Man

Harry
    $400 9
Will Smith

Harry
    $400 21
(Alex: Less than a minute now.)

tonsils

Harry
    $800 3
the Civil War

Miguel
    $800 11
(Steve: Uh, who is, uh... Oh, I know this... a-duh-duh-duh-duh-duh...)
(Alex: Ah, but you took too much time.)
(Steve: Agh!)

Julie Andrews

Steve
Triple Stumper
    $1,000 5
(Harry: Can I replace my bet? How about, what was [*]?)

Breakfast at Tiffany's

Harry
    $800 10
[Applause and cheers for Steve's response of his home borough]

Brooklyn

Steve
    $1,600 22
hips

Harry
    $1200 12
Nero

Harry
    $1200 15
Mariah Carey

Triple Stumper
    $1200 6
34th Street

Harry
    $1200 18
1984

Harry
    $1200 23
gallstones

Harry
    $1600 13
(Harry: Who is Louis XVI?)

Napoleon

Harry
Triple Stumper
    $1600 16
Helen (of Troy)

Harry
    $1600 7
Woody Allen

Miguel
    $1600 19
[Harry doubles over behind his podium trying to come up with the name.]
(Alex: And his name was [*].)
(Harry: Of course it was.)
(Alex: Right here in--)
(Harry: I've been to the dinner.)
(Alex: Yes, okay, go again.)
(Harry: All right, SMITH for $2000.)
(Alex: They might not invite you back, now.)
(Harry: Yeah, you got that right.)

Al Smith

Triple Stumper
    $1600 24
open-heart surgery

Harry
    $2000 14
(Harry: What are mushrooms?)

truffles

Harry
Triple Stumper
    $2000 17
(Steve: Gypsy Rose Lee?)

Carmen

Steve
Triple Stumper
    $2000 8
Ghostbusters

Miguel
    $2000 20
the Wealth of Nations

Triple Stumper
    $2000 25
[The end-of-round signal sounds.]

morbidly obese

Harry

Scores at the end of the Double Jeopardy! Round:

Steve Miguel Harry
$1,800 $8,400 $12,000

[wagering suggestions for these scores]

Final Jeopardy! Round responses

MOVIE HISTORY
(Alex: The sentence was supposed to have been, "Frankly, my dear, I just don't care", but Rhett Butler said, "Frankly, my dear, I don't give a [*]." You're correct.)
SteveWhat is sex sex?
$1,800
MiguelWhat is Damn?
$8,400
HarryWhat is heck
$6,000
damn

Final scores:

Steve Miguel Harry
$0 $16,800 $6,000
3rd place: $25,000 to the Poly Prep Country Day School September 11 Memorial Scholarship Fund Winner: $50,000 to the Los Angeles Police Memorial Foundation 2nd place: $25,000 to to The Harlem School of the Arts

Game dynamics:

Coryat scores:

Steve Miguel Harry
$1,400 $8,400 $11,000
10 R
(including 1 DD),
3 W
11 R,
0 W
18 R
(including 2 DDs),
3 W

Combined Coryat: $20,800

[game clues] [game scores] [suggest correction]

Game tape date: 2006-10-07
The J! Archive is created by fans, for fans. Scraping, republication, monetization, and malicious use prohibited; this site may use cookies and collect identifying information. See terms. The Jeopardy! game show and all elements thereof, including but not limited to copyright and trademark thereto, are the property of Jeopardy Productions, Inc. and are protected under law. This website is not affiliated with, sponsored by, or operated by Jeopardy Productions, Inc. Join the discussion at JBoard.tv.